000 00572nam a2200205Ia 4500
003 GCL
008 140319s9999 xx 000 0 ara d
040 _aGCL /
_cGCL
082 0 4 _a191
_bز ش
100 1 _aزكى نجيب محمود
245 1 0 _aالشرق الفنان /
_cزكى نجيب محمود
300 _a128 ص
490 _aالمكتبة الثقافية
_v0
650 0 4 _aالفلسفة الاسلامية
650 0 4 _aالفلسفة
650 0 4 _aالجمال
650 0 4 _aالفلسفة الحديثة
650 0 4 _aالفن
942 _2ddc
_cBK
999 _c50900
_d50900